The Twilight of the gods, and other tales (Record no. 366413)

000 -LEADER
fixed length control field 00335cam a22001217a 4500
008 - FIXED-LENGTH DATA ELEMENTS--GENERAL INFORMATION
fixed length control field 180718b1940 xxu||||| |||| 00| 0 eng d
082 ## - DEWEY DECIMAL CLASSIFICATION NUMBER
Classification number A38 G187
100 ## - MAIN ENTRY--PERSONAL NAME
Personal name Garnett, Richard
245 ## - TITLE STATEMENT
Title The Twilight of the gods, and other tales
Statement of responsibility, etc. by Richard Garnett
260 ## - PUBLICATION, DISTRIBUTION, ETC.
Place of publication, distribution, etc. London
Name of publisher, distributor, etc. Watts
Date of publication, distribution, etc. 1940
300 ## - PHYSICAL DESCRIPTION
Extent 118p.
500 ## - GENERAL NOTE
General note First pub. 1889
Holdings
Withdrawn status Lost status Damaged status Not for loan Permanent Location Current Location Date acquired Full call number Barcode Date last seen Price effective from Koha item type
        Indian Institute of Public Administration Indian Institute of Public Administration 2010-02-11 A38 G187 A1198 2018-07-21 2018-07-21 A

Powered by Koha